El papel político de la Iglesia Católica en la España de Franco (Record no. 136146)

MARC details
000 -LEADER
campo de control de longitud fija 00614nam a2200193 4500
001 - NÚMERO DE CONTROL
campo de control 136146
003 - IDENTIFICADOR DE NÚMERO DE CONTROL
campo de control ES-MaACL
005 - FECHA Y HORA DE LA ÚLTIMA TRANSACCIÓN
campo de control 20250814230842.0
007 - CAMPO FIJO DE DESCRIPCIÓN FÍSICA--INFORMACIÓN GENERAL
campo de control de longitud fija t|
008 - DATOS DE LONGITUD FIJA--INFORMACIÓN GENERAL
campo de control de longitud fija 070214s1977 sp r ||||1| spa d
100 1# - ENTRADA PRINCIPAL--NOMBRE DE PERSONA
Nombre de persona Ruiz Rico, Juan José.
9 (RLIN) 100907
245 13 - MENCIÓN DEL TÍTULO
Título El papel político de la Iglesia Católica en la España de Franco
Resto del título : (1936-1971) /
Mención de responsabilidad, etc. Juan José Ruiz Rico.
260 ## - PUBLICACIÓN, DISTRIBUCIÓN, ETC.
Lugar de publicación, distribución, etc. Madrid :
Nombre del editor, distribuidor, etc. Tecnos,
Fecha de publicación, distribución, etc. 1977.
300 ## - DESCRIPCIÓN FÍSICA
Extensión 275 p. ;
Dimensiones 24 cm.
490 1# - MENCIÓN DE SERIE
Mención de serie Col. de Ciencias Sociales
830 00 - PUNTO DE ACCESO ADICIONAL DE SERIE-TÍTULO UNIFORME
Título uniforme Ciencias sociales
9 (RLIN) 177859
852 ## - LOCALIZACIÓN
Ubicación ES-MaACL
Número de control de estantería A-6680
Sublocalización o colección R.95603
Holdings
Estatus retirado Estado de pérdida Estado de daño No para préstamo Biblioteca de origen Biblioteca actual Ubicación en estantería Fecha de adquisición Fuente de adquisición Total de préstamos Signatura topográfica completa Código de barras Visto por última vez Precio de reemplazo Tipo de ítem Koha
        Biblioteca del Ateneo de Madrid Biblioteca del Ateneo de Madrid Sala Pecera Planta 1 17/01/2008     A-6680 1141695 23/02/2023 23/02/2023 Libro impreso